[Event "RSA-chT Inter Provincial"]
[Site "Bloemfontein"]
[Date "2017.09.02"]
[Round "5.2"]
[White "Klaasen, Calvin Jong"]
[Black "Jacobs, Kevin T"]
[Result "1/2-1/2"]
[WhiteElo "2268"]
[BlackElo "1928"]
[PlyCount "104"]
[EventDate "2017.08.31"]
[EventType "team-swiss"]
[EventRounds "6"]
[EventCountry "RSA"]
[SourceTitle "CBM 180 Extra"]
[Source "ChessBase"]
[SourceDate "2017.10.06"]
[SourceVersion "1"]
[SourceVersionDate "2017.10.06"]
[SourceQuality "1"]
[WhiteTeam "Western Cape"]
[BlackTeam "Eastern Cape"]
[WhiteTeamCountry "RSA"]
[BlackTeamCountry "RSA"]

1. d4 Nf6 2. Nf3 e6 3. c4 c5 4. e3 d5 5. cxd5 exd5 6. Bb5+ Bd7 7. Bxd7+ Nbxd7 8. 0-0 Be7 9. dxc5 Nxc5 10. b3 0-0 11. Nc3 Rc8 12. Bb2 a6 13. Nd4 Nfe4 14. Nxe4 Nxe4 15. Ne2 Bf6 16. Bxf6 Nxf6 17. Qd2 Qd6 18. Rac1 h6 19. h3 Rfd8 20. Qb2 Qd7 21. Nd4 Ne4 22. Rfd1 Rxc1 23. Rxc1 Rc8 24. Rc2 Rxc2 25. Qxc2 Kf8 26. f3 Nf6 27. g4 Kg8 28. Qc3 Kh7 29. a4 g6 30. Qc5 Kg7 31. Kf2 Ne8 32. Ne2 Qd6 33. Qxd6 Nxd6 34. Nc3 Kf6 35. Nxd5+ Ke5 36. Nc3 f5 37. f4+ Ke6 38. Kf3 b5 39. axb5 axb5 40. e4 b4 41. exf5+ gxf5 42. Na2 Ne4 43. Nxb4 Nd2+ 44. Kg3 fxg4 45. hxg4 Nxb3 46. Kh4 Kf6 47. Nd5+ Kg7 48. Kh5 Nd4 49. f5 Nc6 50. f6+ Kh7 51. Nf4 Ne5 52. Nh3 Nxg4 1/2-1/2

[Event "RSA-chT Regions"]
[Site "Cape Town"]
[Date "2016.01.09"]
[Round "4.2"]
[White "Jacobs, Kevin T"]
[Black "Barrish, Daniel"]
[Result "0-1"]
[WhiteElo "1738"]
[BlackElo "2124"]
[PlyCount "96"]
[EventDate "2016.01.08"]
[EventType "team-swiss"]
[EventRounds "7"]
[EventCountry "RSA"]
[SourceTitle "CBM 170 Extra"]
[Source "ChessBase"]
[SourceDate "2016.02.25"]
[SourceVersion "1"]
[SourceVersionDate "2016.02.25"]
[SourceQuality "1"]
[WhiteTeam "Nelson Mandela Bay"]
[BlackTeam "Western Province II"]
[WhiteTeamCountry "RSA"]
[BlackTeamCountry "RSA"]

1. e4 c5 2. Nf3 e6 3. d4 cxd4 4. Nxd4 a6 5. Nc3 Qc7 6. Bd3 Nf6 7. Be3 Bb4 8. 0-0 Bxc3 9. bxc3 d6 10. f4 Nbd7 11. Qe1 b6 12. Qh4 Bb7 13. Rae1 0-0-0 14. Bd2 h6 15. e5 g5 16. Qh3 Nd5 17. f5 Nxe5 18. fxe6 g4 19. Qh5 f6 20. e7 Qxe7 21. c4 Nc7 22. Nf5 Qd7 23. Bb4 Ne8 24. Nxd6+ Nxd6 25. Rxf6 Nxd3 26. Rxd6 Qa4 27. Qf5+ Kb8 28. Qxd3 Rxd6 29. Bxd6+ Ka7 30. c5 Qc6 31. cxb6+ Ka8 32. Qg3 h5 33. Bc7 h4 34. Qf2 h3 35. Rd1 hxg2 36. Qd4 Rc8 37. c4 g3 38. Bxg3 Qf3 39. Bd6 Bc6 40. c5 Re8 41. Be7 a5 42. Re1 Qf5 43. Qe5 Qc2 44. Qd6 Qa4 45. b7+ Bxb7 46. Rb1 Qe4 47. Rxb7 Qe3+ 48. Kxg2 Rg8+ 0-1

[Event "RSA-chT Regions"]
[Site "Cape Town"]
[Date "2016.01.08"]
[Round "2.2"]
[White "Mnguni, Jakob"]
[Black "Jacobs, Kevin T"]
[Result "1-0"]
[WhiteElo "2085"]
[BlackElo "1738"]
[PlyCount "73"]
[EventDate "2016.01.08"]
[EventType "team-swiss"]
[EventRounds "7"]
[EventCountry "RSA"]
[SourceTitle "CBM 170 Extra"]
[Source "ChessBase"]
[SourceDate "2016.02.25"]
[SourceVersion "1"]
[SourceVersionDate "2016.02.25"]
[SourceQuality "1"]
[WhiteTeam "Tshwane"]
[BlackTeam "Nelson Mandela Bay"]
[WhiteTeamCountry "RSA"]
[BlackTeamCountry "RSA"]

1. Nf3 Nf6 2. g3 d5 3. Bg2 c6 4. b3 Bf5 5. Bb2 e6 6. 0-0 h6 7. c4 Be7 8. d3 0-0 9. Nbd2 a5 10. Re1 Bh7 11. a3 Na6 12. Qc1 Rc8 13. Bc3 b5 14. Qb2 bxc4 15. bxc4 Rb8 16. Qc2 Nc5 17. Rab1 Rxb1 18. Rxb1 dxc4 19. Nxc4 a4 20. Nfe5 Nd5 21. Nxc6 Qc7 22. Nxe7+ Qxe7 23. Be5 Rd8 24. Na5 Rc8 25. Nb7 Bg6 26. Bd6 Qd7 27. Bxc5 Rc7 28. Qb2 Kh7 29. Bf3 f5 30. Bd4 f4 31. Nc5 Qe7 32. Nxa4 Bf5 33. Nc3 Nf6 34. Nb5 Rd7 35. Bxf6 gxf6 36. Qb4 Qg7 37. Qxf4 1-0